| 000 | 00414cam a2200169ua 4500 | ||
|---|---|---|---|
| 020 | _c4.50 | ||
| 041 |
_amal _h |
||
| 082 |
_a894.8124 _bKES/KE |
||
| 100 | _aKesava Dev, P . | ||
| 245 |
_aKesava Dev kal nootandinu munpu / _cP.Kesava Dev. _hTextual Documents |
||
| 260 |
_a : _bManjusha publications , _c1969. |
||
| 300 | _a274 ; . | ||
| 365 | _a4.50 | ||
| 504 | _a | ||
| 942 | _cBK | ||
| 999 |
_c1149 _d1149 |
||